000 00354nam a2200145Ia 4500
008 230711s9999||||xx |||||||||||||| ||und||
041 _aENG
082 _a720
_bNC-N
100 _aN CUTE
245 0 _aNCUTE -programme in knitting technology
250 _a1st Ed.
260 _c1994
_aNew Delhi
_bN Cute,IIT
650 _aTextile Engineering
942 _cBK
999 _c3962
_d3962